Vplyv faktorov vplývajúcich na nákupné správanie zákazníkov na zľavových portáloch
Zľavové portály ako prostriedky, ktoré vznikli v dôsledku digitalizácie a novej ekonomiky. Identifikácia vybraných faktory pomocou korelačnej analýzy vplývajúce na nákupné správanie a rozhodnutie zákazníka uprednostniť nákup produktu prostredníctvom zľavového portálu.
Saved in:
| Main Author: | |
|---|---|
| Other Authors: | |
| Format: | Book Chapter |
| Language: | Slovak |
| Subjects: | |
| Tags: |
No Tags, Be the first to tag this record!
|
MARC
| LEADER | 00000naa$a2200000$$$4500 | ||
|---|---|---|---|
| 001 | 0288299 | ||
| 005 | 20240502074423.3 | ||
| 041 | 0 | |a slo | |
| 044 | |a SK | ||
| 245 | 1 | 0 | |a Vplyv faktorov vplývajúcich na nákupné správanie zákazníkov na zľavových portáloch |c Juliána Bednárová, Kamila Sotáková |
| 520 | |a Zľavové portály ako prostriedky, ktoré vznikli v dôsledku digitalizácie a novej ekonomiky. Identifikácia vybraných faktory pomocou korelačnej analýzy vplývajúce na nákupné správanie a rozhodnutie zákazníka uprednostniť nákup produktu prostredníctvom zľavového portálu. | ||
| 610 | 2 | 0 | |a správanie spotrebiteľa |
| 610 | 2 | 0 | |a spokojnosť zákazníkov |
| 610 | 2 | 0 | |a zákazníci |
| 610 | 2 | 0 | |a digitalizácia |
| 610 | 2 | 0 | |a ekonomika nová |
| 100 | 1 | |a Bednárová, Juliána, 1996- | |
| 700 | 1 | |a Sotáková, Kamila, 1996- | |